| 000 | 00877cam a2200277 a 4500 | ||
|---|---|---|---|
| 008 | |||
| 020 | _a9780273723431 (pbk.) | ||
| 049 | _aMAIN | ||
| 090 |
_aLB2369 _bFIS |
||
| 100 | 1 | _aFisher, Colin. | |
| 245 | 1 | 0 |
_aResearching and writing a dissertation : _ban essential guide for business students / _cColin Fisher with John Buglear... [et al.] |
| 250 | _a3rd ed. | ||
| 260 |
_aHarlow : _bPearson Education Limited, _c2010. |
||
| 300 |
_axii, 436 p. : _bill. ; _c25 cm. |
||
| 500 | _aIncludes Index. | ||
| 504 | _aIncludes bibliographical references. | ||
| 650 | 0 | _aDissertations, Academic. | |
| 650 | 0 |
_aBusiness _xResearch. |
|
| 650 | 0 | _aReport writing. | |
| 700 | 1 | _aBuglear, John. | |
| 907 |
_a.b10303807 _b08-12-11 _c22-11-11 |
||
| 003 | |||
| 005 | 20240511123343.0 | ||
| 040 | _cNUST | ||
| 942 |
_cBOOKS _kLB2369 _mFIS _01 |
||
| 999 |
_c98059 _d98059 |
||